| 000 | 01115nam2a22002291 4500 | ||
|---|---|---|---|
| 001 | rc\4098217 | ||
| 005 | 20250611091329.0 | ||
| 035 | _a(NLR Aleph) 008137501 | ||
| 090 |
_a9463193 _c9463193 |
||
| 100 | _a20130415d1948 |||y0rusy50 ca | ||
| 101 | 0 | _arus | |
| 102 | _aRU | ||
| 105 | _ay z ||||| | ||
| 200 | 1 |
_a[Проект словников по педагогике, народному образованию, печати и науке _e(Общие термины)] |
|
| 210 |
_a[Москва _cГос. науч. ин-т "Сов. энциклопедия"] _d[1948] _g13-я тип. треста "Полиграфкнига" |
||
| 215 | _a22 с. | ||
| 461 | 0 |
_1001rc\4098216 _12001#$aПроект словников 2 издания Большой советской энциклопедии _99463187 _c[Москва _d[1948] _nГос. науч. ин-т "Сов. энциклопедия"] _tПроект словников 2 издания Большой советской энциклопедии |
|
| 801 | 0 |
_aRU _bNLR _gpsbo |
|
| 801 | 1 |
_aRU _bELAR _2rusmarc |
|
| 852 |
_aNLR _j101/1948 |
||
| 942 | _cBOOK | ||
| 980 | _aNB | ||